000 00367nam a2200157Ia 4500
003 Ost
005 20260225132556.0
008 260225s9999||||xx |||||||||||||| ||und||
040 _cfsic
041 _afre
082 _a440
100 _aGeorges Charensol
_eAuteur
245 0 _a50Ans de cinéma avec René Clair /
245 0 _cGeorges Charensol
942 _cكتاب
999 _c34453
_d34453